Proyecto de Inteligencia de negocios para los procesos de compras, ventas y créditos de la empresa FETESA

La investigación se basa en desarrollar un sistema de información de inteligencia de negocios para las áreas de venta, compra y crédito de la Empresa FETESA que facilite la toma de decisiones administrativas financieras y de gestión comercial. Facilitar el análisis de los datos de ventas para...

Full description

Bibliographic Details
Main Author: Ordoñez Flores, Roger Antonio
Other Authors: Tutor: Valle Izaguirre, Flor de María
Format: Tesis Section = Libro
Language:Undetermined
Spanish
Published: Managua UNI 2015
Subjects:
LEADER 01325nam a2200265Ia 4500
008 240830s9999 xx 000 0 und d
040 |a BIBLIOTECA-RUSB/ Mon 005.74 O65 
041 |a spa 
082 |a Mon 005.74 O65 
100 1 |a Ordoñez Flores, Roger Antonio 
245 1 0 |a Proyecto de Inteligencia de negocios para los procesos de compras, ventas y créditos de la empresa FETESA 
260 |a Managua  |b UNI  |c 2015 
300 |a 108 p. :il. 
500 |a Prácticas profesionales. 
502 |a Tesis (Ingeniero en Computación) - UNI, 2015. 
520 3 |a La investigación se basa en desarrollar un sistema de información de inteligencia de negocios para las áreas de venta, compra y crédito de la Empresa FETESA que facilite la toma de decisiones administrativas financieras y de gestión comercial. Facilitar el análisis de los datos de ventas para la identificación de clientes, productos y líneas de mercado importantes. Facilitar el análisis de ventas de mercadería para ayudar a disminuir capital estancado. 
650 7 |a BASES DE DATOS 
650 7 |b  DATAWAREHOUSE 
650 7 |c  INTELIGENCIA DE NEGOCIOS-SISTEMA 
650 7 |d  PROCESAMIENTO DE DATOS 
650 7 |e  TECNOLOGIA OLAP 
700 1 |a Tutor:  |b Valle Izaguirre, Flor de María 
942 |c BK  |2 ddc 
991 |a TESIS 
999 |c 19814